Tube Map Stations with 'Park' in them - Statistics

General Stats
  • This quiz has been taken 151 times
  • The average score is 13 of 42
Answer Stats
Answer % Correct
Green Park
90%
Hyde Park Corner
80%
Regent's Park
68%
Finsbury Park
61%
Wimbledon Park
59%
St James's Park
50%
Wembley Park
50%
Tufnell Park
48%
Queen's Park
47%
Kilburn Park
44%
Park Royal
44%
Woodside Park
44%
Holland Park
41%
Westbourne Park
41%
Belsize Park
40%
Stonebridge Park
40%
Canons Park
38%
Ravenscourt Park
38%
Newbury Park
36%
Chiswick Park
35%
Northwick Park
33%
Upton Park
31%
Elm Park
30%
Manor Park
30%
Brondesbury Park
21%
Highams Park
21%
Moor Park
21%
Wanstead Park
16%
Beckton Park
15%
Honor Oak Park
11%
Carpenders Park
10%
Gidea Park
10%
Langdon Park
10%
Bush Hill Park
9%
Woodgrange Park
9%
Emerson Park
8%
Merton Park
7%
Lloyd Park
5%
Westcombe Park
4%
Crofton Park
3%
Oakleigh Park
3%
Wandle Park
3%
No matching quizzes found
Score Distribution
Percent of People with Each Score
Percentile by Number Answered
Your Score History
You have not taken this quiz